000 00248nam a2200109Ia 4500
005 20251222143235.0
008 251222s9999||||xx |||||||||||||| ||spa||
082 _a657/I52/1999/Ej.2
245 0 _aInformes Contables
264 _bTINCO
942 _cLIB
999 _c14369
_d14369